000 00589nam a22001815i 4500
001 164301
003 ES-MaACL
005 20250725062546.0
008 991112s1873 fr |||| | fre d
040 _aCAM
_bspa
_cCAM
100 1 _aSaigey, Emile.
_9132277
245 1 4 _aLes sciences au XVIII\pème\s siècle
_b: la physique de Voltaire /
_cpar Emile Saigey.
260 _aParis :
_blibrairie Germer Baillière,
_c1862 (
_fE. Martinet)
300 _a272 p. 22 cm.
650 7 _aFísica
_2embne
_912877
852 _aES-MaACL
_jB-7086
_z-- Enc. pasta española
999 _c164301
_d164301